00446nam a22001577a 4500003000400000008004100004020001800045082001400063100003800077245007800115250001300193260003700206300001100243650001100254700002300265OSt241023b |||||||| |||| 00| 0 eng d a9780764167676 a641.3 ANF aANGUS, Emily and BAUDIS, Macushla aFashion Encyclopedia: A Visual Resource for Terms, Techniques, and Styles a1st. ed. aNew York,bB E S Pub Co.,c2015, a352 p. aB.FAD. aWOODCOCK, Philippa